000 01655nam a22002177a 4500
003 OSt
005 20230711154736.0
008 230705s2015 ag ||||| |||| 00| 1 spa d
020 _a9789500437141
040 _bspa
_cbesoc
100 1 _aBrock, Lynn
_d(1877-1943)
_eautor
245 1 0 _aLa larga búsqueda del señor Lamousset /
_cLynn Brock ; traducción de Fernando M. Ungría
250 _a1a ed.
260 _aBuenos Aires :
_bEmecé,
_c2015
300 _a324 p.
490 _aEl séptimo círculo / colección creada por Jorge Luis Borges y Adolfo Bioy Casares
520 _aLamousset es un leal lacayo que hace de su oficio, su vida. Al servicio del duque de Lorán, será el encargado de velar por lo deseos del difunto: ser enterrado con un valioso crucifijo propiedad de la familia. Al morir el duque, la valiosa joya es robada por un doctor que se convierte en el enemigo necesario de Lamousset, al haber sido éste testigo del robo. Cassard intenta por todos los medios deshacerse de Lamousset. Lo reta a duelo, intenta envenenarlo... Entre las burlas y la angustia, la venganza y el amor, la paciencia enemistad y la noble aventura discurre esta historia espléndida. "Deseo que, después de mi muerte, se extraigan mi corazón y mi cerebro, lo antes posible. Esto se hará en presencia de Lamousset, mi servidor confidencial, y en este cuarto. Mi testamento contiene las instrucciones pertinentes para el destino de mi corazón. Su extracción asegurará al mundo que al menos tenía uno. ¿De acuerdo? [Nota del editor].
650 4 _aLiteratura inglesa
_vNovelas
_ySiglo XX
700 _aUngría, Fernando M.
_etraductor
942 _2udc
_cOG
_n0
999 _c35
_d35